000 00528nam a2200217Ia 4500
003 OSt
005 20220928134958.0
006 a|||||r|||| 00| 0
007 ta
008 220927b |||||||| |||| 00| 0 eng d
024 _a377
037 _cTextual
040 _aSDCL
_cSDCL
_beng
041 _2eng
_aeng
082 _aX0aY, K7
100 _aFirth Raymond
_9489180
245 0 _aThemes in economic anthropology
260 _c1967
942 _hX0aY, K7
_cTEXL
_2CC
999 _c804403
_d804403